Vplyv parametrov liatia na vlastnosti odliatkov zo zliatiny hliníka na tvárnenie EN AW-2024
Salvato in:
| Autore principale: | |
|---|---|
| Altri autori: | |
| Natura: | Manoscritto Libro |
| Lingua: | slovacco |
| Pubblicazione: |
2015
|
| Soggetti: | |
| Accesso online: | http://is.stuba.sk/zp/portal_zp.pl?podrobnosti=103678 |
| Tags: |
Nessun Tag, puoi essere il primo ad aggiungerne!!
|
MARC
| LEADER | 00000ntm a22000003a 4500 | ||
|---|---|---|---|
| 001 | stuzp52547 | ||
| 003 | SK-STU | ||
| 005 | 20160719154215.9 | ||
| 007 | ta | ||
| 008 | 150427s2015----xo-----f-mn---000-0-slo-d | ||
| 040 | |a STU |b slo | ||
| 041 | 0 | |a slo | |
| 100 | 1 | |a Smolková, Jana |u 020050 |4 aut |U SjF Strojnícka fakulta |T SjF Ústav technológií a materiálov |X 70511 |U J0050 |Y 803 |7 70511 | |
| 242 | 0 | 1 | |a Effect of casting parametres on properties of casting from alluminium alloy for forming EN AW-2024 |y eng |
| 245 | 1 | 0 | |a Vplyv parametrov liatia na vlastnosti odliatkov zo zliatiny hliníka na tvárnenie EN AW-2024 |
| 260 | |c 2015 | ||
| 650 | 4 | |a liatie s kryštalizáciou pod tlakom s vynúteným prúdením |2 slo | |
| 650 | 4 | |a liatie v čiastočne tuhom stave |2 slo | |
| 650 | 4 | |a zliatiny hliníka na tvárnenie |2 slo | |
| 650 | 4 | |a EN AW-2024 |2 slo | |
| 650 | 4 | |a sféroidická štruktúra |2 slo | |
| 650 | 4 | |a squeeze casting with forces convection |2 eng | |
| 650 | 4 | |a semi solid metal casting, |2 eng | |
| 650 | 4 | |a aluminium alloy for forming |2 eng | |
| 650 | 4 | |a EN AW-2024 |2 eng | |
| 650 | 4 | |a spheroidical structure |2 eng | |
| 700 | 1 | |a Vanko, Branislav |4 ths |X 22241 |7 A000022241 | |
| 856 | 4 | |u http://is.stuba.sk/zp/portal_zp.pl?podrobnosti=103678 | |
| 996 | |b 284J043808 |c J* 2098/BP |l JJSK |s A |a 24 |w stuzp52547_0001 | ||
| SQL | |a stuzp52547 |b DDP |c SLO |d Vplyv parametrov liatia na vlastnosti odliatkov zo zliatiny hliníka na tvárnenie EN AW-2024 |e 70511 |f Smolková, Jana |g 020050 |h 22241 |i Vanko, Branislav |j 20150617 |k 60 |l 02 |m http://is.stuba.sk/zp/portal_zp.pl?podrobnosti=103678 |n I-STAM |o 5.2.51. výrobné technológie | ||